000 00424nam a2200193Ia 4500
005 20250603145847.0
008 250603s9999 xx 000 0 und d
020 _a9780133382891
050 _aGV 716 .L44/
100 _aLeeds, Michael
245 4 _aThe economics of sports
250 _a5th ed.
260 _aBoston
260 _bPearson
260 _c2014
300 _a439 p
650 _aBoston
942 _cBK
999 _c43073
_d43073